[Event "British Rapidplay Championship 2023"]
[Site "Mercure Bradford, Bankfield Hotel"]
[Date "2023.04.16"]
[Round "10.13"]
[White "May, Paul"]
[Black "Kryshtafor, Maksym"]
[Result "1/2-1/2"]
[TimeControl "All moves in 15 minutes plus 10 second increment per move from move 1"]
[WhiteElo "1860"]
[BlackElo "1667"]

1. d4 {[%clk 00:15:17]} {[%emt 00:00:03]} d5 {[%clk 00:15:19]} {[%emt
00:00:01]} 2. c4 {[%clk 00:15:26]} {[%emt 00:00:02]} e6 {[%clk 00:15:27]}
{[%emt 00:00:01]} 3. Nc3 {[%clk 00:15:35]} {[%emt 00:00:02]} Nf6 {[%clk
00:15:35]} {[%emt 00:00:02]} 4. Bg5 {[%clk 00:15:43]} {[%emt 00:00:01]} c6
{[%clk 00:15:43]} {[%emt 00:00:02]} 5. e3 {[%clk 00:15:27]} {[%emt 00:00:26]}
h6 {[%clk 00:15:47]} {[%emt 00:00:05]} 6. Bh4 {[%clk 00:15:34]} {[%emt
00:00:04]} Nbd7 {[%clk 00:15:51]} {[%emt 00:00:05]} 7. cxd5 {[%clk 00:15:40]}
{[%emt 00:00:05]} exd5 {[%clk 00:15:59]} {[%emt 00:00:02]} 8. Nf3 {[%clk
00:15:35]} {[%emt 00:00:15]} Bd6 {[%clk 00:16:00]} {[%emt 00:00:10]} 9. Bd3
{[%clk 00:15:21]} {[%emt 00:00:24]} O-O {[%clk 00:15:40]} {[%emt 00:00:29]} 10.
Qc2 {[%clk 00:14:49]} {[%emt 00:00:42]} Re8 {[%clk 00:13:43]} {[%emt 00:02:07]}
11. O-O {[%clk 00:13:48]} {[%emt 00:01:12]} Qc7 {[%clk 00:12:43]} {[%emt
00:01:10]} 12. Rac1 {[%clk 00:12:16]} {[%emt 00:01:41]} Nb6 {[%clk 00:12:38]}
{[%emt 00:00:16]} 13. Bxf6 {[%clk 00:10:19]} {[%emt 00:02:06]} gxf6 {[%clk
00:12:34]} {[%emt 00:00:14]} 14. Nb5 {[%clk 00:10:22]} {[%emt 00:00:08]} Qd7
{[%clk 00:12:27]} {[%emt 00:00:15]} 15. Nxd6 {[%clk 00:10:27]} {[%emt
00:00:07]} Qxd6 {[%clk 00:12:35]} {[%emt 00:00:02]} 16. Bf5 {[%clk 00:10:13]}
{[%emt 00:00:23]} Bxf5 {[%clk 00:11:21]} {[%emt 00:01:23]} 17. Qxf5 {[%clk
00:10:16]} {[%emt 00:00:09]} Qe6 {[%clk 00:11:29]} {[%emt 00:00:02]} 18. Nh4
{[%clk 00:09:28]} {[%emt 00:00:57]} Qxf5 {[%clk 00:11:31]} {[%emt 00:00:08]} 19.
Nxf5 {[%clk 00:09:34]} {[%emt 00:00:04]} Kh7 {[%clk 00:11:37]} {[%emt
00:00:04]} 20. b3 {[%clk 00:09:16]} {[%emt 00:00:29]} Re6 {[%clk 00:11:27]}
{[%emt 00:00:19]} 21. h3 {[%clk 00:08:17]} {[%emt 00:01:09]} Rg8 {[%clk
00:10:23]} {[%emt 00:01:14]} 22. Kh2 {[%clk 00:08:09]} {[%emt 00:00:18]} Nc8
{[%clk 00:09:38]} {[%emt 00:00:55]} 23. Rg1 {[%clk 00:07:50]} {[%emt 00:00:29]}
Nd6 {[%clk 00:09:38]} {[%emt 00:00:10]} 24. g4 {[%clk 00:05:42]} {[%emt
00:02:18]} Ne4 {[%clk 00:09:30]} {[%emt 00:00:18]} 25. f3 {[%clk 00:05:12]}
{[%emt 00:00:41]} Nd6 {[%clk 00:09:11]} {[%emt 00:00:29]} 26. Rce1 {[%clk
00:04:49]} {[%emt 00:00:32]} Nxf5 {[%clk 00:08:56]} {[%emt 00:00:25]} 27. gxf5
{[%clk 00:04:56]} {[%emt 00:00:03]} Rxg1 {[%clk 00:09:02]} {[%emt 00:00:04]} 28.
Kxg1 {[%clk 00:05:03]} {[%emt 00:00:03]} Re8 {[%clk 00:09:07]} {[%emt
00:00:05]} 29. Kf2 {[%clk 00:05:04]} {[%emt 00:00:08]} Kg7 {[%clk 00:09:14]}
{[%emt 00:00:04]} 30. Rg1+ {[%clk 00:04:35]} {[%emt 00:00:39]} Kf8 {[%clk
00:09:20]} {[%emt 00:00:04]} 31. Rg4 {[%clk 00:04:36]} {[%emt 00:00:08]} b6
{[%clk 00:09:27]} {[%emt 00:00:04]} 32. Rh4 {[%clk 00:04:29]} {[%emt 00:00:16]}
Kg7 {[%clk 00:09:33]} {[%emt 00:00:04]} 33. e4 {[%clk 00:04:27]} {[%emt
00:00:13]} dxe4 {[%clk 00:09:39]} {[%emt 00:00:04]} 34. fxe4 {[%clk 00:04:33]}
{[%emt 00:00:04]} Kh7 {[%clk 00:09:38]} {[%emt 00:00:12]} 35. Rg4 {[%clk
00:04:28]} {[%emt 00:00:15]} Rd8 {[%clk 00:09:39]} {[%emt 00:00:09]} 36. Ke3
{[%clk 00:04:34]} {[%emt 00:00:04]} h5 {[%clk 00:09:47]} {[%emt 00:00:01]} 37.
Rg2 {[%clk 00:04:30]} {[%emt 00:00:13]} Kh6 {[%clk 00:09:54]} {[%emt 00:00:04]}
38. Rc2 {[%clk 00:04:31]} {[%emt 00:00:09]} Rd6 {[%clk 00:09:44]} {[%emt
00:00:19]} 39. e5 {[%clk 00:03:52]} {[%emt 00:00:50]} fxe5 {[%clk 00:09:48]}
{[%emt 00:00:06]} 40. dxe5 {[%clk 00:04:00]} {[%emt 00:00:02]} Rd1 {[%clk
00:09:47]} {[%emt 00:00:12]} 41. Rxc6+ {[%clk 00:03:30]} {[%emt 00:00:39]} Kg5
{[%clk 00:09:54]} {[%emt 00:00:03]} 42. Ke2 {[%clk 00:03:12]} {[%emt 00:00:29]}
Ra1 {[%clk 00:09:47]} {[%emt 00:00:17]} 43. e6 {[%clk 00:02:59]} {[%emt
00:00:23]} Rxa2+ {[%clk 00:09:50]} {[%emt 00:00:06]} 44. Ke3 {[%clk 00:02:53]}
{[%emt 00:00:16]} fxe6 {[%clk 00:09:58]} {[%emt 00:00:03]} 45. fxe6 {[%clk
00:03:00]} {[%emt 00:00:03]} Kf6 {[%clk 00:10:05]} {[%emt 00:00:02]} 46. Kd3
{[%clk 00:02:44]} {[%emt 00:00:26]} Rh2 {[%clk 00:10:09]} {[%emt 00:00:06]} 47.
e7+ {[%clk 00:01:34]} {[%emt 00:01:20]} Kxe7 {[%clk 00:10:00]} {[%emt
00:00:19]} 48. Rc7+ {[%clk 00:01:43]} {[%emt 00:00:01]} Kd6 {[%clk 00:10:08]}
{[%emt 00:00:02]} 49. Rxa7 {[%clk 00:01:51]} {[%emt 00:00:02]} Rxh3+ {[%clk
00:10:16]} {[%emt 00:00:02]} 50. Kc4 {[%clk 00:02:00]} {[%emt 00:00:01]} h4
{[%clk 00:10:18]} {[%emt 00:00:09]} 51. Rh7 {[%clk 00:01:47]} {[%emt 00:00:21]}
Rh1 {[%clk 00:10:19]} {[%emt 00:00:10]} 52. Rh6+ {[%clk 00:01:53]} {[%emt
00:00:04]} Kc7 {[%clk 00:10:28]} {[%emt 00:00:01]} 53. Rh7+ {[%clk 00:02:01]}
{[%emt 00:00:03]} Kb8 {[%clk 00:10:37]} {[%emt 00:00:01]} 54. Kb5 {[%clk
00:02:05]} {[%emt 00:00:05]} Kc8 {[%clk 00:10:30]} {[%emt 00:00:18]} 55. b4
{[%clk 00:02:05]} {[%emt 00:00:09]} h3 {[%clk 00:10:38]} {[%emt 00:00:02]} 56.
Kxb6 {[%clk 00:02:10]} {[%emt 00:00:05]} h2 {[%clk 00:10:45]} {[%emt 00:00:03]}
57. b5 {[%clk 00:02:12]} {[%emt 00:00:09]} Kd8 {[%clk 00:10:48]} {[%emt
00:00:07]} 58. Kb7 {[%clk 00:01:14]} {[%emt 00:01:07]} Ke8 {[%clk 00:10:47]}
{[%emt 00:00:11]} 59. b6 {[%clk 00:01:13]} {[%emt 00:00:11]} Kf8 {[%clk
00:10:56]} {[%emt 00:00:01]} 60. Kb8 {[%clk 00:01:10]} {[%emt 00:00:14]} Ke8
{[%clk 00:11:04]} {[%emt 00:00:01]} 61. Rh6 {[%clk 00:00:32]} {[%emt 00:00:48]}
Kd7 {[%clk 00:11:04]} {[%emt 00:00:10]} 62. Kb7 {[%clk 00:00:31]} {[%emt
00:00:11]} Ke7 {[%clk 00:11:10]} {[%emt 00:00:04]} 63. Rh7 {[%clk 00:00:37]}
{[%emt 00:00:04]} Kd6 {[%clk 00:11:19]} {[%emt 00:00:01]} 64. Rh6+ {[%clk
00:00:46]} {[%emt 00:00:01]} Ke7 {[%clk 00:11:19]} {[%emt 00:00:10]} 65. Rh7
{[%clk 00:00:49]} {[%emt 00:00:07]} Kf8 {[%clk 00:11:28]} {[%emt 00:00:02]} 66.
Kb8 {[%clk 00:00:55]} {[%emt 00:00:04]} Kg8 {[%clk 00:11:29]} {[%emt 00:00:09]}
67. Rh6 {[%clk 00:00:57]} {[%emt 00:00:07]} Kf7 {[%clk 00:11:36]} {[%emt
00:00:04]} 68. Kb7 {[%clk 00:01:03]} {[%emt 00:00:04]} Ke8 {[%clk 00:11:43]}
{[%emt 00:00:02]} 69. Rh7 {[%clk 00:01:11]} {[%emt 00:00:02]} Kd8 {[%clk
00:11:48]} {[%emt 00:00:05]} 70. Rh8+ {[%clk 00:01:19]} {[%emt 00:00:02]} Kd7
{[%clk 00:11:57]} {[%emt 00:00:01]} 71. Rh7 {[%clk 00:01:28]} {[%emt 00:00:01]}
Ke8 {[%clk 00:12:03]} {[%emt 00:00:05]} 72. Rh8+ {[%clk 00:01:34]} {[%emt
00:00:04]} Kf7 {[%clk 00:12:10]} {[%emt 00:00:02]} 73. Rh7 {[%clk 00:01:42]}
{[%emt 00:00:03]} Kg8 {[%clk 00:12:19]} 74. Rh6 {[%clk 00:01:50]} {[%emt
00:00:02]} Kg7 {[%clk 00:12:27]} {[%emt 00:00:03]} 75. Rh3 {[%clk 00:01:56]}
{[%emt 00:00:02]} Kf7 {[%clk 00:12:33]} {[%emt 00:00:05]} 76. Rh7 {[%clk
00:02:01]} {[%emt 00:00:05]} Kg6 {[%clk 00:12:40]} {[%emt 00:00:04]} 77. Rh3
{[%clk 00:02:08]} {[%emt 00:00:02]} Kf6 {[%clk 00:12:48]} {[%emt 00:00:02]} 78.
Rh6+ {[%clk 00:02:11]} {[%emt 00:00:07]} Kg7 {[%clk 00:12:54]} {[%emt
00:00:05]} 79. Rh3 {[%clk 00:02:19]} {[%emt 00:00:01]} Kg8 {[%clk 00:13:03]}
{[%emt 00:00:02]} 80. Rh6 {[%clk 00:02:26]} {[%emt 00:00:02]} Kf8 {[%clk
00:13:09]} {[%emt 00:00:04]} 81. Rh7 {[%clk 00:02:34]} {[%emt 00:00:02]} Ke8
{[%clk 00:13:18]} {[%emt 00:00:02]} 82. Rh8+ {[%clk 00:02:42]} {[%emt
00:00:02]} Kd7 {[%clk 00:13:26]} {[%emt 00:00:01]} 83. Rh7 {[%clk 00:02:51]}
{[%emt 00:00:01]} Kd6 {[%clk 00:13:35]} 84. Rh6+ {[%clk 00:02:59]} {[%emt
00:00:02]} Ke5 {[%clk 00:13:44]} {[%emt 00:00:02]} 85. Rh5+ {[%clk 00:03:02]}
{[%emt 00:00:07]} Kf4 {[%clk 00:13:50]} {[%emt 00:00:04]} 86. Rh7 {[%clk
00:03:04]} {[%emt 00:00:07]} Kg3 {[%clk 00:13:55]} {[%emt 00:00:06]} 87. Rg7+
{[%clk 00:02:56]} {[%emt 00:00:17]} Kf3 {[%clk 00:13:56]} {[%emt 00:00:09]} 88.
Rf7+ {[%clk 00:03:03]} {[%emt 00:00:03]} Ke4 {[%clk 00:14:04]} {[%emt
00:00:02]} 89. Re7+ {[%clk 00:03:12]} {[%emt 00:00:02]} Kd5 {[%clk 00:14:12]}
{[%emt 00:00:01]} 90. Rh7 {[%clk 00:03:20]} {[%emt 00:00:03]} Ke5 {[%clk
00:14:07]} {[%emt 00:00:09]} 1/2-1/2

[Event "British Rapidplay Championship 2023"]
[Site "Mercure Bradford, Bankfield Hotel"]
[Date "2023.04.16"]
[Round "10.15"]
[White "Kairat, Alexander"]
[Black "McKay, Jonathan"]
[Result "1/2-1/2"]
[TimeControl "All moves in 15 minutes plus 10 second increment per move from move 1"]
[WhiteElo "1618"]
[BlackElo "1796"]

1. e4 {[%clk 00:15:19]} {[%emt 00:00:01]} c6 {[%clk 00:15:20]} {[%emt
00:00:01]} 2. Ne2 {[%clk 00:15:24]} {[%emt 00:00:04]} d5 {[%clk 00:15:28]}
{[%emt 00:00:02]} 3. e5 {[%clk 00:15:31]} {[%emt 00:00:03]} c5 {[%clk
00:15:24]} {[%emt 00:00:14]} 4. d4 {[%clk 00:15:39]} {[%emt 00:00:02]} cxd4
{[%clk 00:15:28]} {[%emt 00:00:06]} 5. Nxd4 {[%clk 00:15:48]} {[%emt 00:00:02]}
Nc6 {[%clk 00:15:35]} {[%emt 00:00:03]} 6. Bb5 {[%clk 00:15:56]} {[%emt
00:00:02]} Bd7 {[%clk 00:15:22]} {[%emt 00:00:22]} 7. Bxc6 {[%clk 00:15:49]}
{[%emt 00:00:18]} bxc6 {[%clk 00:15:28]} {[%emt 00:00:03]} 8. O-O {[%clk
00:15:55]} {[%emt 00:00:04]} c5 {[%clk 00:15:19]} {[%emt 00:00:18]} 9. Nf3
{[%clk 00:15:52]} {[%emt 00:00:14]} e6 {[%clk 00:15:24]} {[%emt 00:00:05]} 10.
Bg5 {[%clk 00:15:58]} {[%emt 00:00:04]} Qb6 {[%clk 00:15:30]} {[%emt 00:00:04]}
11. b3 {[%clk 00:15:50]} {[%emt 00:00:19]} Ne7 {[%clk 00:15:28]} {[%emt
00:00:11]} 12. Nbd2 {[%clk 00:15:51]} {[%emt 00:00:09]} Nc6 {[%clk 00:15:33]}
{[%emt 00:00:05]} 13. c4 {[%clk 00:15:59]} {[%emt 00:00:02]} d4 {[%clk
00:15:33]} {[%emt 00:00:08]} 14. Ne4 {[%clk 00:16:06]} {[%emt 00:00:05]} Qc7
{[%clk 00:15:34]} {[%emt 00:00:09]} 15. Bf4 {[%clk 00:15:45]} {[%emt 00:00:31]}
Be7 {[%clk 00:14:15]} {[%emt 00:01:29]} 16. Nd6+ {[%clk 00:15:54]} {[%emt
00:00:02]} Bxd6 {[%clk 00:14:20]} {[%emt 00:00:04]} 17. exd6 {[%clk 00:16:01]}
{[%emt 00:00:03]} Qb6 {[%clk 00:14:06]} {[%emt 00:00:22]} 18. Ng5 {[%clk
00:15:32]} {[%emt 00:00:41]} f6 {[%clk 00:13:42]} {[%emt 00:00:33]} 19. Ne4
{[%clk 00:15:06]} {[%emt 00:00:37]} O-O {[%clk 00:13:40]} {[%emt 00:00:13]} 20.
Qh5 {[%clk 00:15:07]} {[%emt 00:00:08]} e5 {[%clk 00:13:45]} {[%emt 00:00:04]}
21. Bd2 {[%clk 00:15:01]} {[%emt 00:00:17]} Nd8 {[%clk 00:12:51]} {[%emt
00:01:04]} 22. a3 {[%clk 00:14:54]} {[%emt 00:00:17]} a5 {[%clk 00:11:56]}
{[%emt 00:01:05]} 23. b4 {[%clk 00:14:22]} {[%emt 00:00:42]} axb4 {[%clk
00:11:58]} {[%emt 00:00:09]} 24. axb4 {[%clk 00:14:28]} {[%emt 00:00:03]} Rxa1
{[%clk 00:11:52]} {[%emt 00:00:16]} 25. Rxa1 {[%clk 00:14:36]} {[%emt
00:00:01]} cxb4 {[%clk 00:11:56]} {[%emt 00:00:07]} 26. c5 {[%clk 00:14:38]}
{[%emt 00:00:09]} Qc6 {[%clk 00:11:49]} {[%emt 00:00:16]} 27. Qf3 {[%clk
00:14:09]} {[%emt 00:00:40]} f5 {[%clk 00:10:58]} {[%emt 00:01:01]} 28. Ng5
{[%clk 00:14:01]} {[%emt 00:00:18]} Qxc5 {[%clk 00:10:55]} {[%emt 00:00:11]} 29.
Qb3+ {[%clk 00:14:08]} {[%emt 00:00:05]} Kh8 {[%clk 00:10:58]} {[%emt
00:00:06]} 30. Bxb4 {[%clk 00:14:11]} {[%emt 00:00:06]} Qc6 {[%clk 00:08:56]}
{[%emt 00:02:11]} 31. Re1 {[%clk 00:13:41]} {[%emt 00:00:42]} e4 {[%clk
00:08:50]} {[%emt 00:00:16]} 32. Ba5 {[%clk 00:13:18]} {[%emt 00:00:34]} Qb7
{[%clk 00:08:01]} {[%emt 00:00:58]} 33. Qh3 {[%clk 00:12:49]} {[%emt 00:00:40]}
h6 {[%clk 00:07:36]} {[%emt 00:00:35]} 34. Bxd8 {[%clk 00:12:51]} {[%emt
00:00:06]} Kg8 {[%clk 00:06:59]} {[%emt 00:00:47]} 35. Be7 {[%clk 00:12:44]}
{[%emt 00:00:19]} Qb4 {[%clk 00:06:05]} {[%emt 00:01:04]} 36. Rf1 {[%clk
00:12:26]} {[%emt 00:00:28]} hxg5 {[%clk 00:05:46]} {[%emt 00:00:27]} 37. Bxf8
{[%clk 00:12:31]} {[%emt 00:00:06]} Kxf8 {[%clk 00:05:53]} {[%emt 00:00:03]} 38.
Qh8+ {[%clk 00:12:38]} {[%emt 00:00:02]} Kf7 {[%clk 00:06:02]} {[%emt
00:00:02]} 39. Qh5+ {[%clk 00:12:46]} {[%emt 00:00:02]} Kf6 {[%clk 00:06:06]}
{[%emt 00:00:05]} 40. h4 {[%clk 00:12:39]} {[%emt 00:00:18]} gxh4 {[%clk
00:05:40]} {[%emt 00:00:36]} 41. Qxh4+ {[%clk 00:12:45]} {[%emt 00:00:03]} Kg6
{[%clk 00:03:16]} {[%emt 00:02:32]} 42. Qe7 {[%clk 00:12:52]} {[%emt 00:00:06]}
Qb5 {[%clk 00:03:19]} {[%emt 00:00:05]} 43. Rc1 {[%clk 00:12:17]} {[%emt
00:00:47]} d3 {[%clk 00:03:22]} {[%emt 00:00:08]} 44. Qh4 {[%clk 00:11:50]}
{[%emt 00:00:36]} d2 {[%clk 00:02:28]} {[%emt 00:01:03]} 45. Qg3+ {[%clk
00:11:56]} {[%emt 00:00:05]} Kf7 {[%clk 00:02:32]} {[%emt 00:00:04]} 46. Rd1
{[%clk 00:11:50]} {[%emt 00:00:18]} Qe2 {[%clk 00:01:44]} {[%emt 00:00:58]} 47.
Qb3+ {[%clk 00:11:58]} {[%emt 00:00:02]} Be6 {[%clk 00:01:43]} {[%emt
00:00:11]} 48. Qb1 {[%clk 00:11:52]} {[%emt 00:00:16]} f4 {[%clk 00:01:23]}
{[%emt 00:00:30]} 49. Qb7+ {[%clk 00:11:19]} {[%emt 00:00:43]} Kg6 {[%clk
00:01:22]} {[%emt 00:00:11]} 50. Qb1 {[%clk 00:11:21]} {[%emt 00:00:08]} Kg5
{[%clk 00:01:05]} {[%emt 00:00:23]} 51. Qa1 {[%clk 00:11:26]} {[%emt 00:00:08]}
Kh6 {[%clk 00:01:02]} {[%emt 00:00:11]} 52. Qa4 {[%clk 00:10:21]} {[%emt
00:01:18]} g5 {[%clk 00:00:47]} {[%emt 00:00:24]} 53. Rf1 {[%clk 00:09:50]}
{[%emt 00:00:42]} Bc4 {[%clk 00:00:32]} {[%emt 00:00:25]} 54. Rd1 {[%clk
00:09:45]} {[%emt 00:00:15]} e3 {[%clk 00:00:34]} {[%emt 00:00:07]} 55. fxe3
{[%clk 00:09:25]} {[%emt 00:00:31]} fxe3 {[%clk 00:00:36]} {[%emt 00:00:08]} 56.
d7 {[%clk 00:09:24]} {[%emt 00:00:12]} Qf2+ {[%clk 00:00:39]} {[%emt 00:00:07]}
57. Kh1 {[%clk 00:09:20]} {[%emt 00:00:09]} Qh4+ {[%clk 00:00:34]} {[%emt
00:00:19]} 58. Kg1 {[%clk 00:09:24]} {[%emt 00:00:07]} e2 {[%clk 00:00:24]}
{[%emt 00:00:20]} 59. Qc6+ {[%clk 00:09:18]} {[%emt 00:00:17]} Kg7 {[%clk
00:00:22]} {[%emt 00:00:11]} 60. Qf6+ {[%clk 00:08:54]} {[%emt 00:00:35]} Kxf6
{[%clk 00:00:16]} {[%emt 00:00:13]} 61. d8=Q+ {[%clk 00:09:01]} {[%emt
00:00:05]} Kg6 {[%clk 00:00:18]} {[%emt 00:00:07]} 62. Qd6+ {[%clk 00:09:05]}
{[%emt 00:00:07]} Kg7 {[%clk 00:00:24]} {[%emt 00:00:03]} 63. Qe5+ {[%clk
00:09:13]} {[%emt 00:00:03]} Kf7 {[%clk 00:00:26]} {[%emt 00:00:08]} 64. Qf5+
{[%clk 00:09:22]} {[%emt 00:00:02]} Kg7 {[%clk 00:00:32]} {[%emt 00:00:02]} 65.
Qe5+ {[%clk 00:09:30]} {[%emt 00:00:03]} Kg6 {[%clk 00:00:26]} {[%emt
00:00:12]} 66. Qe8+ {[%clk 00:09:39]} {[%emt 00:00:06]} Kg7 {[%clk 00:00:26]}
{[%emt 00:00:09]} 1/2-1/2

[Event "British Rapidplay Championship 2023"]
[Site "Mercure Bradford, Bankfield Hotel"]
[Date "2023.04.16"]
[Round "10.16"]
[White "Rogers, Bernard A"]
[Black "McKay, Ruairidh"]
[Result "1-0"]
[TimeControl "All moves in 15 minutes plus 10 second increment per move from move 1"]
[WhiteElo "1772"]
[BlackElo "1460"]

1. e4 {[%clk 00:15:17]} {[%emt 00:00:02]} c6 {[%clk 00:15:17]} {[%emt
00:00:04]} 2. d4 {[%clk 00:15:25]} {[%emt 00:00:02]} d5 {[%clk 00:15:25]}
{[%emt 00:00:02]} 3. Nd2 {[%clk 00:15:33]} {[%emt 00:00:02]} dxe4 {[%clk
00:15:32]} {[%emt 00:00:02]} 4. Nxe4 {[%clk 00:15:42]} {[%emt 00:00:02]} Bf5
{[%clk 00:15:41]} {[%emt 00:00:01]} 5. Ng3 {[%clk 00:15:50]} {[%emt 00:00:01]}
Bg6 {[%clk 00:15:50]} {[%emt 00:00:01]} 6. Nf3 {[%clk 00:15:59]} {[%emt
00:00:02]} Nd7 {[%clk 00:15:56]} {[%emt 00:00:04]} 7. Bd3 {[%clk 00:16:06]}
{[%emt 00:00:02]} Bxd3 {[%clk 00:16:02]} {[%emt 00:00:04]} 8. Qxd3 {[%clk
00:16:14]} {[%emt 00:00:02]} e6 {[%clk 00:15:58]} {[%emt 00:00:14]} 9. O-O
{[%clk 00:16:21]} {[%emt 00:00:04]} Ngf6 {[%clk 00:16:05]} {[%emt 00:00:03]} 10.
Re1 {[%clk 00:16:11]} {[%emt 00:00:19]} Be7 {[%clk 00:16:12]} {[%emt 00:00:02]}
11. h3 {[%clk 00:15:06]} {[%emt 00:01:16]} O-O {[%clk 00:16:02]} {[%emt
00:00:21]} 12. Be3 {[%clk 00:15:04]} {[%emt 00:00:11]} Nd5 {[%clk 00:15:29]}
{[%emt 00:00:44]} 13. Bd2 {[%clk 00:14:58]} {[%emt 00:00:16]} Qc7 {[%clk
00:12:39]} {[%emt 00:03:00]} 14. Ng5 {[%clk 00:13:47]} {[%emt 00:01:21]} Bxg5
{[%clk 00:11:51]} {[%emt 00:00:57]} 15. Bxg5 {[%clk 00:13:55]} {[%emt
00:00:02]} N7f6 {[%clk 00:07:54]} {[%emt 00:04:07]} 16. Ne4 {[%clk 00:13:36]}
{[%emt 00:00:30]} Nxe4 {[%clk 00:07:18]} {[%emt 00:00:46]} 17. Qxe4 {[%clk
00:13:17]} {[%emt 00:00:28]} Ne7 {[%clk 00:06:53]} {[%emt 00:00:36]} 18. Qg4
{[%clk 00:12:56]} {[%emt 00:00:30]} Ng6 {[%clk 00:06:23]} {[%emt 00:00:41]} 19.
h4 {[%clk 00:12:42]} {[%emt 00:00:24]} f5 {[%clk 00:06:13]} {[%emt 00:00:20]}
20. Qf3 {[%clk 00:12:35]} {[%emt 00:00:16]} Qf7 {[%clk 00:06:06]} {[%emt
00:00:17]} 21. h5 {[%clk 00:10:18]} {[%emt 00:02:27]} Ne7 {[%clk 00:05:29]}
{[%emt 00:00:47]} 22. Bxe7 {[%clk 00:10:09]} {[%emt 00:00:19]} Qxe7 {[%clk
00:05:32]} {[%emt 00:00:07]} 23. Re5 {[%clk 00:10:15]} {[%emt 00:00:04]} Qf6
{[%clk 00:05:15]} {[%emt 00:00:27]} 24. Rae1 {[%clk 00:10:21]} {[%emt
00:00:05]} Rae8 {[%clk 00:04:50]} {[%emt 00:00:34]} 25. c4 {[%clk 00:10:06]}
{[%emt 00:00:26]} a6 {[%clk 00:03:47]} {[%emt 00:01:13]} 26. d5 {[%clk
00:09:58]} {[%emt 00:00:17]} cxd5 {[%clk 00:03:32]} {[%emt 00:00:26]} 27. cxd5
{[%clk 00:10:07]} Rf7 {[%clk 00:02:43]} {[%emt 00:00:58]} 28. dxe6 {[%clk
00:09:28]} {[%emt 00:00:49]} Rfe7 {[%clk 00:02:37]} {[%emt 00:00:17]} 29. Qd5
{[%clk 00:08:12]} {[%emt 00:01:26]} h6 {[%clk 00:01:12]} {[%emt 00:01:36]} 30.
b3 {[%clk 00:08:18]} {[%emt 00:00:04]} b5 {[%clk 00:00:26]} {[%emt 00:00:56]}
31. Rxf5 {[%clk 00:08:17]} {[%emt 00:00:10]} Qb2 {[%clk 00:00:31]} {[%emt
00:00:04]} 32. Rf7 {[%clk 00:08:17]} {[%emt 00:00:10]} Qc3 {[%clk 00:00:14]}
{[%emt 00:00:28]} 33. Re3 {[%clk 00:07:56]} {[%emt 00:00:32]} Qc7 {[%clk
00:00:12]} {[%emt 00:00:11]} 34. Qf5 {[%clk 00:07:30]} {[%emt 00:00:36]} 1-0